| 000 | 01057nam a2200289Ia 4500 | ||
|---|---|---|---|
| 001 | dia_5904 | ||
| 003 | CHAP | ||
| 005 | 20250130134802.0 | ||
| 008 | 220117s1972 xx 000 0 und d | ||
| 010 | _a177035 | ||
| 040 | _cCHAP | ||
| 082 | _a621.56 G75 1972 | ||
| 100 |
_aGrim, Jonh H. _9159985 |
||
| 245 |
_aCopeland manual de refrigeración : componentes de un sistema de refrigeración / _c John H. Grim ; traducción Alberto Barrenechea |
||
| 260 |
_aMéxico : _b Copeland, _c1972 |
||
| 300 | _a3 v. | ||
| 500 | _aLos ej. 2 de los v. 2 y v. 3 son material fotocopiado. | ||
| 505 | _av.Principios de refrigeración \ v.2. Componentes de un sistema de refrigeración \ 3. La carga de refrigeración | ||
| 590 | _aTP492.7 G75 1972 | ||
| 650 |
_aRefrigeración _xManuales _9150975 |
||
| 650 | 0 |
_aRefrigeration _xManuals, text-books, etc. _9159986 |
|
| 700 |
_aBarrenechea, Alberto, tr. _9159987 |
||
| 901 | _a621.56 G75 1972 | ||
| 902 | _aM | ||
| 905 | _a5232271972 mx dam 8222123322spa16 | ||
| 942 |
_cLIBRO _2ddc |
||
| 999 |
_c177035 _d177035 |
||